[Event "London Classic U1600 op 10th"]
[Site "London"]
[Date "2018.12.15"]
[Round "3"]
[White "Sheng, Benjamin"]
[Black "McCormack, Daniel"]
[Result "0-1"]
[WhiteElo "1121"]
[BlackElo "1344"]
[PlyCount "78"]
[EventDate "2018.12.14"]
[EventType "swiss"]
[EventRounds "5"]
[EventCountry "ENG"]
[SourceTitle "CBM 187 Extra"]
[Source "ChessBase"]
[SourceDate "2018.11.04"]
[SourceVersion "1"]
[SourceVersionDate "2018.11.04"]
[SourceQuality "1"]

1. d4 d5 2. c4 e6 3. Nf3 Nf6 4. g3 Be7 5. Bg2 0-0 6. 0-0 Bd7 7. Nc3 c5 8. e3 Re8 9. Ne5 Bc6 10. Re1 a6 11. b3 b5 12. Qd3 bxc4 13. bxc4 Qd6 14. Nxc6 Nxc6 15. e4 dxe4 16. Nxe4 Nxe4 17. Qxe4 Nxd4 18. Rd1 Rad8 19. Bb2 f5 20. Qe3 e5 21. Bd5+ Kh8 22. f4 Nc2 23. Qf3 Nxa1 24. Bxa1 Bf6 25. Re1 e4 26. Qd1 Bxa1 27. Qxa1 e3 28. Bb7 Qd2 29. Bxa6 Qf2+ 30. Kh1 Rd2 31. Re2 Rxe2 32. Qg1 Re1 33. Qxe1 Qxe1+ 34. Kg2 Qf2+ 35. Kh3 e2 36. Bb5 Rf8 37. Bc6 e1Q 38. Kh4 Qxh2+ 39. Kg5 Qexg3# 0-1